000 00760nam a2200241 4500
003 OSt
005 20240725021028.0
006 a
008 240725b |||||||| |||| 00| 0 eng d
040 _aDWCL-Main lib.
_cOC
082 _aCirc. 973.927092 R287r 2007
100 _aReagan, Ronald
245 _aThe Reagan diaries /
260 _aN. Y. :
_bHarper Collins Pub.,
_cc2007.
300 _axiv,
_b767 p. : col. ill. ;
_c24 cm.
504 _aIncludes index.
650 _a1. Reagan, Ronald - Diaries.
650 _a2. Presidents - United States - Biography.
650 _a3. Presidents - United States - Diaries.
650 _a4. United States - Politics and government - 1981.
700 _aDouglas Brinkley
942 _2ddc
_n0
_cBK-CIRC
_kCirc.
999 _c2701
_d2701